000 00505nam a2200193Ia 4500
003 GCL
008 140319s9999 xx 000 0 eng d
040 _aGCL /
_cGCL
082 0 4 _a306.483
_bE S
100 1 _aEITEN, STANLEY
245 1 0 _aSOCIOLOGY OF NORTH AMERICAN SPORT /
_cEITEN, STANLEY
700 1 _aSAGE, GEORGE H
260 _a[S.N] :
_bWCB BROWN & BENCHANARK ،
_c1993
300 _a416 P P
650 0 4 _aSPORTS
650 0 4 _aSPORT SOCIOLOGY
650 0 4 _aAMERICAN SPORT
942 _2ddc
_cBK
999 _c11990
_d11990